Riesgos laborales Cm̤o prevenirlos en el ambiente de trabajo /

Detalles Bibliográficos
Autor principal: ℓlvarez Heredia, Francisco
Otros Autores: Faizal Geagea, Enriqueta
Formato: eBook
Lenguaje:español
Publicado: Bogot:̀ Ediciones de la U, 2012
Materias:
Acceso en línea:Acceso restringido

MARC

LEADER 00000nam a22000007a 4500
005 20181030111744.0
007 cr|||| ||||
008 181030s2012 co |||||s|||| 00||0 spa d
035 |a 22088 
040 |a vLex 
090 |c 8219  |d 8219 
100 1 |a ℓlvarez Heredia, Francisco 
245 1 0 |a Riesgos laborales  |h [Recurso electrn̤ico] :  |b Cm̤o prevenirlos en el ambiente de trabajo /  |c Francisco ℓlvarez Heredia, Enriqueta Faizal Geagea 
256 |a Servicio en ln̕ea 
260 |a Bogot:̀  |b Ediciones de la U,  |c 2012 
300 |a 1 recurso electrn̤ico 
500 |a El objetivo de las acciones en prevencin̤ de riesgos laborales es proteger la salud de los trabajadores, en su ejercicio profesional y en el ambiente de trabajo, evitando los riesgos derivados de las condiciones que puedan implicar accidentes o enfermedades profesionales. Este libro estudia los riesgos del trabajo y hace ňfasis en algunos de ellos como el ruido, el fuego y en los riesgos biolg̤icos de los profesionales de la salud. Presenta la discusin̤ sobre los conceptos bs̀icos de accidente de trabajo y enfermedad profesional considerados a nivel internacional, as ̕como los elementos bs̀icos de prevencin̤. Todas estas actividades laborales, especialmente las entidades y profesionales que prestan servicios de salud, como los hospitales, mďicos, enfermeras y personal de atencin̤, deben cumplir normas de proteccin̤ biolg̤ica y cuidar su salud con prc̀ticas no peligrosas y cuidados de autopro-teccin̤ y ejecucin̤ de acciones preventivas. Este libro aporta conceptos bs̀icos en el r̀ea de Salud Ocupacional, el estudio y la prevencin̤ de los riesgos, su fin es ayudar a todos los profesionales que se puedan lucrar de sus conceptos, para que se apropien de štos y torne ms̀ fc̀il su trabajo. Tambiň facilita a empresarios y tra-bajadores el conocimiento de los riesgos que se pueden producir, tanto en los procesos como en las condiciones de trabajo, as ̕como las medidas preventivas que se deben establecer para cada tipo de riesgo. 
506 1 |a Disponible solo en los productos indicados  |d vLex Global  |d vLex Global (Academic Edition, excluding Law Schools)  |d vLex Global (U.S. Academic Edition, Law Schools)  |d vLex Global (U.S. Academic Edition, excluding Law Schools)  |d vLex Global (Academic Edition, Law Schools) 
650 0 4 |a Economa̕ y negocios  |z Colombia 
650 0 4 |a Administracin̤ (Management)  |z Colombia 
700 1 |a Faizal Geagea, Enriqueta 
740 0 |a vLex Libros (Servicio en ln̕ea) 
856 4 0 |u http://vlex.com/source/riesgos-laborales-como-prevenirlos-en-el-ambiente-de-trabajo-22088  |z Acceso restringido 
942 |c BOOK 
999 0 |a Economy and business 
999 0 |a Administration (Management)